| 000 | 00619nam a22001817a 4500 | ||
|---|---|---|---|
| 003 | OSt | ||
| 005 | 20131114113620.0 | ||
| 008 | 130614s2010 |||||||| |||| 00| 0 cat d | ||
| 040 | _cCDMR | ||
| 245 | 0 | 3 |
_aLa precarietat en la professió periodística a Catalunya _b: estudi de tots els sectors implicats i propostes de futur en un context de canvi _cAlberto Gòmez... [et al.] |
| 260 | _c2010 | ||
| 300 | _a121 p. | ||
| 650 | 0 | 4 |
_93782 _aPeriodistes _xPràctica professional |
| 650 | 0 | 4 |
_94342 _aMercat de treball _zCatalunya |
| 650 | 0 | 4 |
_92400 _aPeriodistes _zCatalunya |
| 700 | 1 |
_93793 _aGómez, Alberto |
|
| 942 |
_2udc _cTSN |
||
| 999 |
_c6466 _d6466 |
||